[Event "><емпионат ЦФО РФ среди муж~~ин по класси"]
[Site "Московская область. Одинцовск"]
[Date "2018.03.11"]
[Round "2.13"]
[White "Гараев, Заур."]
[Black "Курбатов, Андрей."]
[Result "1/2-1/2"]
[WhiteElo "1864"]
[BlackElo "2070"]
[PlyCount "99"]
[EventDate "2018.??.??"]

1. d4 d5 2. Nf3 Nf6 3. c4 e6 4. g3 Be7 5. Bg2 O-O 6. O-O Nbd7 7. Qc2 c6 8. Nbd2
b6 9. e4 Bb7 10. Rd1 Rc8 11. b3 c5 12. exd5 exd5 13. Bb2 dxc4 14. Nxc4 b5 15.
d5 Bxd5 16. Nce5 Bxf3 17. Bxf3 Qc7 18. Nxd7 Nxd7 19. Qe2 Bf6 20. Bxf6 Nxf6 21.
Qxb5 Qe5 22. Rac1 Qf5 23. Qd3 Qe5 24. Kg2 h6 25. Qb5 Rc7 26. Rc4 Rfc8 27. h3
Qe7 28. Rdc1 g6 29. Qa5 Ne8 30. Bg4 f5 31. Bf3 Kh7 32. h4 h5 33. R4c2 Kg7 34.
Be2 Qe4+ 35. f3 Qe3 36. Qc3+ Qxc3 37. Rxc3 Rd8 38. Kf2 Rd2 39. R1c2 Rxc2 40.
Rxc2 Kf6 41. Ke3 Ke5 42. f4+ Kf6 43. Bd3 Ke7 44. Kf3 Kd6 45. Bc4 Re7 46. Rd2+
Kc6 47. Re2 Kd6 48. Rd2+ Kc6 49. Re2 Kd6 50. Rd2+ 1/2-1/2

[Event "><емпионат ЦФО РФ среди муж~~ин по класси"]
[Site "Московская область. Одинцовск"]
[Date "2018.03.11"]
[Round "2.14"]
[White "Ижокин, Игорь."]
[Black "Абдураимов, Эсмет."]
[Result "0-1"]
[WhiteElo "2030"]
[BlackElo "1862"]
[PlyCount "56"]
[EventDate "2018.??.??"]

1. e4 c5 2. Nf3 d6 3. d4 cxd4 4. Nxd4 Nf6 5. Nc3 g6 6. Be3 Bg7 7. f3 O-O 8. Qd2
Nc6 9. Bc4 Bd7 10. O-O-O Rc8 11. Bb3 Ne5 12. g4 b5 13. h4 a5 14. g5 b4 15. Nd5
Nh5 16. Nf4 Nxf4 17. Bxf4 a4 18. Bd5 e6 19. Bb7 Nc4 20. Qe2 e5 21. Bxc8 Qxc8
22. b3 Na3 23. Be3 exd4 24. Bxd4 Bxd4 25. Rxd4 Qc3 26. Rhd1 Rc8 27. Rc4 Rxc4
28. bxc4 Nxc4 0-1

[Event "><емпионат ЦФО РФ среди муж~~ин по класси"]
[Site "Московская область. Одинцовск"]
[Date "2018.03.11"]
[Round "2.15"]
[White "Каштанов, Елисей."]
[Black "Казьмин, Семен."]
[Result "0-1"]
[WhiteElo "1814"]
[BlackElo "2022"]
[PlyCount "50"]
[EventDate "2018.??.??"]

1. e4 e6 2. d4 d5 3. e5 c5 4. c3 Nc6 5. Nf3 Bd7 6. Be2 f6 7. O-O fxe5 8. Nxe5
Nxe5 9. dxe5 Qc7 10. f4 O-O-O 11. Be3 Nh6 12. b4 Nf5 13. Bf2 Be7 14. Nd2 g5 15.
fxg5 Bxg5 16. Nf3 Bf4 17. bxc5 Bxe5 18. Rb1 Rhg8 19. c6 Bxc6 20. Bxa7 d4 21.
Qb3 Rg6 22. Bb6 Bxh2+ 23. Kh1 Ng3+ 24. Kxh2 Nxe2+ 25. Bxc7 Rh6+ 0-1

[Event "><емпионат ЦФО РФ среди муж~~ин по класси"]
[Site "Московская область. Одинцовск"]
[Date "2018.03.11"]
[Round "2.16"]
[White "Захаров, Никита."]
[Black "Горский, Александр."]
[Result "1-0"]
[WhiteElo "2022"]
[BlackElo "1756"]
[PlyCount "80"]
[EventDate "2018.??.??"]

1. d4 c6 2. Nf3 d5 3. Bf4 e6 4. e3 f5 5. Ne5 Nf6 6. Nd2 Nbd7 7. Qf3 Be7 8.
O-O-O Nxe5 9. dxe5 Ne4 10. Nxe4 fxe4 11. Qh5+ g6 12. Qh3 Bd7 13. Be2 h5 14. f3
exf3 15. Bxf3 Qa5 16. Qg3 O-O-O 17. Kb1 g5 18. Bxg5 h4 19. Qf4 Rdf8 20. Bf6
Bxf6 21. exf6 Qd8 22. Rd3 Qxf6 23. Qa4 a6 24. e4 Qf4 25. Qd4 Be8 26. Qa7 Qb8
27. Qd4 Qf4 28. Re1 Bg6 29. Rde3 Re8 30. h3 Kb8 31. Qb4 Rhf8 32. Rb3 Qc7 33.
exd5 cxd5 34. Rc3 Qg3 35. Rc1 Bf5 36. Bh5 Qxg2 37. Bxe8 Rxe8 38. Qxh4 Ka8 39.
a3 Qg7 40. Qf4 Bxh3 1-0

[Event "><емпионат ЦФО РФ среди муж~~ин по класси"]
[Site "Московская область. Одинцовск"]
[Date "2018.03.11"]
[Round "2.17"]
[White "Шило, Кирилл."]
[Black "Манелo^к, Даниил."]
[Result "0-1"]
[WhiteElo "1739"]
[BlackElo "1946"]
[PlyCount "72"]
[EventDate "2018.??.??"]

1. e4 e6 2. d4 d5 3. Nd2 c5 4. Ngf3 Nc6 5. Bb5 a6 6. exd5 exd5 7. Bxc6+ bxc6 8.
O-O Bd6 9. dxc5 Bxc5 10. b4 Bxb4 11. Bb2 Nf6 12. Nd4 Bd7 13. Re1+ Kf8 14. c3
Bd6 15. Qf3 c5 16. Ba3 Bg4 17. Qd3 cxd4 18. Bxd6+ Qxd6 19. Qxd4 Rd8 20. Rab1
Be6 21. Nf3 Ne4 22. h3 Nc5 23. Rbd1 f6 24. c4 Kf7 25. cxd5 Qxd5 26. Qe3 Qxd1
27. Rxd1 Rxd1+ 28. Kh2 Rd5 29. Qf4 Rhd8 30. h4 Nd3 31. Qe3 Ne5 32. Nxe5+ Rxe5
33. Qa7+ Kg6 34. Qxa6 Rd4 35. Kg3 Rg4+ 36. Kf3 Kh5 0-1

[Event "><емпионат ЦФО РФ среди муж~~ин по класси"]
[Site "Московская область. Одинцовск"]
[Date "2018.03.12"]
[Round "3.1"]
[White "Смирнов, Тимофей."]
[Black "Родин, Дмитрий."]
[Result "0-1"]
[WhiteElo "2318"]
[BlackElo "2398"]
[PlyCount "126"]
[EventDate "2018.??.??"]

1. e4 e5 2. Nf3 Nc6 3. Bc4 Bc5 4. c3 Nf6 5. d3 a6 6. O-O Ba7 7. Bg5 h6 8. Be3
O-O 9. Nbd2 d6 10. Bb3 Re8 11. Bc2 Nh5 12. Bxa7 Rxa7 13. Nc4 Nf4 14. Ne3 Ra8
15. Kh1 Ne7 16. d4 Neg6 17. g3 Nh3 18. dxe5 dxe5 19. Qxd8 Rxd8 20. Kg2 Be6 21.
Rfd1 Ng5 22. Ne1 b6 23. h4 Nh7 24. Bb3 Bxb3 25. axb3 Nf6 26. Rxa6 Nxe4 27. Rxa8
Rxa8 28. Rd7 Ra2 29. Nd3 Nf6 30. Rd8+ Kh7 31. Nc4 e4 32. Nb4 Ra1 33. Nd5 Nxd5
34. Rxd5 Rb1 35. h5 Nf8 36. Re5 Ne6 37. Rxe4 g6 38. hxg6+ Kxg6 39. b4 Kg7 40.
Re2 h5 41. Ne3 b5 42. f4 c6 43. Kf3 Kf6 44. Rh2 Ng7 45. g4 Kg6 46. Rg2 hxg4+
47. Nxg4 Ne6 48. Ne3+ Kf6 49. Rh2 Ke7 50. Rd2 Rh1 51. Nf5+ Kf6 52. Ng3 Rh4 53.
Ne4+ Ke7 54. f5 Rf4+ 55. Ke3 Rxf5 56. Rd6 Re5 57. Rxc6 f5 58. Rb6 Rxe4+ 59. Kf2
Re5 60. b3 Kd7 61. c4 Kc7 62. c5 Nd4 63. Kg3 Re6 0-1

[Event "><емпионат ЦФО РФ среди муж~~ин по класси"]
[Site "Московская область. Одинцовск"]
[Date "2018.03.12"]
[Round "3.2"]
[White "Шкалов, Олег."]
[Black "Быков, Олег."]
[Result "1/2-1/2"]
[WhiteElo "2248"]
[BlackElo "2348"]
[PlyCount "100"]
[EventDate "2018.??.??"]

1. d4 Nf6 2. c4 e6 3. Nc3 Bb4 4. Qc2 d6 5. a3 Bxc3+ 6. Qxc3 b6 7. Qf3 c6 8. Bg5
Bb7 9. e3 Nbd7 10. Ne2 O-O 11. Nc3 Qc7 12. Be2 h6 13. Bf4 e5 14. Bg3 a6 15. O-O
b5 16. Qf5 bxc4 17. Bxc4 c5 18. dxe5 Nxe5 19. Bxe5 dxe5 20. Rad1 Rad8 21. f3
Rfe8 22. Qc2 Kf8 23. h3 g6 24. Na4 Kg7 25. Kf2 Bc6 26. Rxd8 Bxa4 27. Qxa4 Rxd8
28. Rd1 a5 29. Qc2 Rxd1 30. Qxd1 e4 31. f4 g5 32. g3 Kg6 33. Be2 h5 34. fxg5
Kxg5 35. Kg2 Qe5 36. Qd2 Kg6 37. Bc4 Ne8 38. b3 Nd6 39. Qd5 Kf6 40. Qxe5+ Kxe5
41. Be2 h4 42. gxh4 Nf5 43. Kf2 Nxh4 44. Bg4 Kf6 45. Kg3 Kg5 46. Bd7 Nf3 47.
Bg4 Nh4 48. Bd7 f5 49. Bb5 Nf3 50. a4 Nh4 1/2-1/2

[Event "><емпионат ЦФО РФ среди муж~~ин по класси"]
[Site "Московская область. Одинцовск"]
[Date "2018.03.12"]
[Round "3.3"]
[White "Новиков, Максим."]
[Black "Иоффе, Илья."]
[Result "1/2-1/2"]
[WhiteElo "2497"]
[BlackElo "2231"]
[PlyCount "93"]
[EventDate "2018.??.??"]

1. e4 e5 2. Nf3 Nc6 3. Bb5 a6 4. Ba4 Nf6 5. O-O Be7 6. Re1 b5 7. Bb3 O-O 8. d4
d6 9. c3 Bg4 10. d5 Na5 11. Bc2 c6 12. h3 Bc8 13. dxc6 Qc7 14. Nbd2 Qxc6 15.
Nf1 Re8 16. Bg5 Be6 17. Ne3 Nc4 18. Nxc4 Bxc4 19. Nd2 Be6 20. Bb3 d5 21. Bxf6
Bxf6 22. exd5 Bxd5 23. Bxd5 Qxd5 24. Ne4 Qc6 25. Qf3 Be7 26. Rad1 Rad8 27. Qf5
g6 28. Qf3 f5 29. Nd2 e4 30. Qe2 Bc5 31. Nb3 Bb6 32. Rxd8 Rxd8 33. Rd1 Rxd1+
34. Qxd1 e3 35. Nd4 exf2+ 36. Kxf2 Qd5 37. a3 Kf7 38. Qd2 Kf6 39. Kf1 g5 40. h4
h6 41. hxg5+ hxg5 42. Qe3 f4 43. Qd2 Qe4 44. Nf3 Qc4+ 45. Ke1 Qe4+ 46. Kf1 Qc4+
47. Ke1 1/2-1/2

[Event "><емпионат ЦФО РФ среди муж~~ин по класси"]
[Site "Московская область. Одинцовск"]
[Date "2018.03.12"]
[Round "3.4"]
[White "Сидоренко, Алексей."]
[Black "Садовский, Артём."]
[Result "0-1"]
[WhiteElo "2194"]
[BlackElo "2418"]
[PlyCount "102"]
[EventDate "2018.??.??"]

1. d4 g6 2. Nf3 Bg7 3. e4 d6 4. h3 Nf6 5. Nc3 O-O 6. Be3 c6 7. Bd3 b5 8. O-O b4
9. Ne2 a5 10. a3 Na6 11. c4 c5 12. axb4 cxd4 13. Bxd4 Nxb4 14. Bb1 Bb7 15. Ng3
Qc7 16. b3 a4 17. Bc3 Nd7 18. Bxg7 Kxg7 19. Qd4+ Kg8 20. Qd2 Qc5 21. Rxa4 Rxa4
22. bxa4 Ra8 23. Qh6 Rxa4 24. h4 Nc6 25. h5 Nce5 26. hxg6 hxg6 27. Nh4 Ng4 28.
Qf4 Ndf6 29. Qd2 Rxc4 30. Nxg6 fxg6 31. Ba2 d5 32. Bxc4 dxc4 33. Qf4 Qe5 34.
Qxe5 Nxe5 35. f3 Nd3 36. Ne2 Nd7 37. Ra1 Kf7 38. Ra4 N7e5 39. f4 Bc6 40. Ra6
Nb4 41. Rb6 Ned3 42. e5 Ke6 43. Rb8 Kf5 44. Rf8+ Ke4 45. Rf7 Nd5 46. e6 Ke3 47.
Kf1 Ba4 48. f5 gxf5 49. Rxf5 Bd1 50. Rxd5 Bxe2+ 51. Kg1 c3 0-1

[Event "><емпионат ЦФО РФ среди муж~~ин по класси"]
[Site "Московская область. Одинцовск"]
[Date "2018.03.12"]
[Round "3.5"]
[White "Урo^пин, Игорь."]
[Black "Округин, Сергей."]
[Result "1/2-1/2"]
[WhiteElo "2261"]
[BlackElo "2316"]
[PlyCount "83"]
[EventDate "2018.??.??"]

1. c4 Nf6 2. g3 e6 3. Bg2 d5 4. d4 Bb4+ 5. Bd2 Be7 6. cxd5 exd5 7. Nc3 O-O 8.
e3 c6 9. Nge2 Bf5 10. f3 Re8 11. O-O c5 12. Be1 Nc6 13. g4 cxd4 14. exd4 Bc8
15. Bf2 h6 16. Nf4 b6 17. Re1 Bb7 18. Nd3 Bd6 19. Rxe8+ Qxe8 20. Qd2 Qb8 21. h3
Nb4 22. Ne5 Bxe5 23. dxe5 Qxe5 24. Bd4 Qe7 25. Re1 Qd8 26. a3 Nc6 27. Bxf6 Qxf6
28. Nxd5 Qd4+ 29. Qxd4 Nxd4 30. f4 Bxd5 31. Bxd5 Rd8 32. Bg2 Kf8 33. Kf2 Ne6
34. Ke3 Nc5 35. Re2 Rd3+ 36. Kf2 Rb3 37. Kg1 g5 38. fxg5 hxg5 39. Rf2 Rd3 40.
Bf1 Rd4 41. Rc2 Ke7 42. Bc4 1/2-1/2

[Event "><емпионат ЦФО РФ среди муж~~ин по класси"]
[Site "Московская область. Одинцовск"]
[Date "2018.03.12"]
[Round "3.6"]
[White "><ередни~~енко, Дмитрий."]
[Black "Журавлев, Степан."]
[Result "1-0"]
[WhiteElo "2299"]
[BlackElo "2086"]
[PlyCount "95"]
[EventDate "2018.??.??"]

1. Nf3 d5 2. e3 Nf6 3. c4 e6 4. b3 Be7 5. Bb2 Nbd7 6. Nc3 c6 7. Qc2 b6 8. Be2
Bb7 9. Rg1 Qc7 10. Rc1 a6 11. g4 h6 12. h4 c5 13. cxd5 exd5 14. Qf5 g6 15. Qb1
O-O-O 16. b4 Rhe8 17. bxc5 bxc5 18. Na4 Ne4 19. Kf1 Bxh4 20. Nxc5 Ndxc5 21. Bd4
Be7 22. Bxc5 Bxc5 23. d4 Re6 24. dxc5 d4 25. exd4 Rxd4 26. c6 Rxc6 27. Rxc6
Bxc6 28. Bxa6+ Kd8 29. Qa1 Nd2+ 30. Nxd2 Rxd2 31. Qf6+ Ke8 32. Rg3 Rd1+ 33. Ke2
Rd6 34. Re3+ Re6 35. Rxe6+ fxe6 36. Qxg6+ Ke7 37. Qg7+ Kd8 38. Qxc7+ Kxc7 39.
Bc4 Kd6 40. Ke3 Ke5 41. Bb3 Kf6 42. a4 e5 43. a5 Bb5 44. Bd1 Kg5 45. Be2 Bc6
46. a6 e4 47. a7 Bb7 48. f3 1-0

[Event "><емпионат ЦФО РФ среди муж~~ин по класси"]
[Site "Московская область. Одинцовск"]
[Date "2018.03.12"]
[Round "3.7"]
[White "Балашов, o/oрий."]
[Black "Казьмин, Семен."]
[Result "1-0"]
[WhiteElo "2431"]
[BlackElo "2022"]
[PlyCount "117"]
[EventDate "2018.??.??"]

1. d4 d5 2. c4 e6 3. Nc3 Nf6 4. Nf3 Be7 5. Bg5 h6 6. Bxf6 Bxf6 7. e3 O-O 8. Qd2
c6 9. Rd1 Re8 10. e4 b6 11. e5 Be7 12. Be2 Ba6 13. b3 Bb4 14. O-O c5 15. a3 Ba5
16. Qb2 Bxc3 17. Qxc3 Nc6 18. dxc5 bxc5 19. b4 d4 20. Qd2 Bb7 21. bxc5 Qd7 22.
Qf4 Red8 23. Bd3 Qe7 24. Qe4 Qxc5 25. Qh7+ Kf8 26. Qh8+ Ke7 27. Qxg7 Rg8 28.
Qf6+ Ke8 29. Bh7 Rxg2+ 30. Kxg2 Nxe5 31. Rb1 Bxf3+ 32. Kg3 Bc6 33. Rfe1 Qxa3+
34. Kf4 Rd8 35. Be4 Ng6+ 36. Kg4 Bxe4 37. Rxe4 Qe7 38. Qxe7+ Nxe7 39. Kf3 Nf5
40. Re5 Rd7 41. Reb5 Nd6 42. Rb8+ Ke7 43. c5 Nc4 44. R1b7 a5 45. Rxd7+ Kxd7 46.
Ke4 Nd2+ 47. Kxd4 a4 48. Rb7+ Kc6 49. Rb6+ Kc7 50. Ra6 Nb3+ 51. Kc4 Nd2+ 52.
Kb4 Ne4 53. f3 Ng5 54. f4 Ne4 55. Rxa4 Kc6 56. Ra8 f6 57. Re8 Kd5 58. Rd8+ Kc6
59. Kc4 1-0

[Event "><емпионат ЦФО РФ среди муж~~ин по класси"]
[Site "Московская область. Одинцовск"]
[Date "2018.03.12"]
[Round "3.8"]
[White "Домогаев, Сергей."]
[Black "Захаров, Никита."]
[Result "0-1"]
[WhiteElo "2417"]
[BlackElo "2022"]
[PlyCount "112"]
[EventDate "2018.??.??"]

1. d4 Nf6 2. c4 g6 3. Nc3 d5 4. cxd5 Nxd5 5. e4 Nxc3 6. bxc3 Bg7 7. Bc4 c5 8.
Ne2 Nc6 9. Be3 O-O 10. O-O Qc7 11. Rc1 b6 12. Bf4 e5 13. Bg3 Bb7 14. d5 Na5 15.
Bd3 c4 16. Bc2 Qc5 17. Kh1 f5 18. f3 f4 19. Bf2 Qd6 20. Rb1 g5 21. g4 Kf7 22.
Kg2 Rad8 23. Rg1 h5 24. h3 Rh8 25. Rh1 Rh6 26. Qc1 hxg4 27. hxg4 Rxh1 28. Qxh1
Rh8 29. Qg1 Qh6 30. Kf1 Qg6 31. Rd1 Bf8 32. Ba4 Bd6 33. Ke1 Rh3 34. Qg2 Qh6 35.
Kd2 Rh2 36. Qf1 Bc8 37. Kc2 Nb7 38. Bb5 Na5 39. Kb1 Ke7 40. Ba4 Qh7 41. Bg1 Rh1
42. Qg2 Bd7 43. Bc2 Nb7 44. Kc1 Nc5 45. Kd2 Rh3 46. Re1 Kd8 47. Rf1 Kc7 48. Nc1
Rg3 49. Qe2 Qh3 50. Kd1 Kb7 51. Ke1 Bb5 52. Qd1 Rg2 53. Bf2 a5 54. Qe2 Qh2 55.
Qd1 Na6 56. Ba4 Bc5 0-1

[Event "><емпионат ЦФО РФ среди муж~~ин по класси"]
[Site "Московская область. Одинцовск"]
[Date "2018.03.12"]
[Round "3.9"]
[White "Вдовин, Вадим."]
[Black "Манелo^к, Даниил."]
[Result "1-0"]
[WhiteElo "2381"]
[BlackElo "1946"]
[PlyCount "91"]
[EventDate "2018.??.??"]

1. e4 e6 2. d4 d5 3. Nd2 c5 4. Ngf3 Nc6 5. exd5 exd5 6. Bb5 Bd6 7. dxc5 Bxc5 8.
O-O Nge7 9. Nb3 Bd6 10. Re1 O-O 11. Bd3 h6 12. h3 Nb4 13. Bf1 Ng6 14. c3 Nc6
15. g3 Nce7 16. Nbd4 a6 17. Be3 Qc7 18. Bg2 Bd7 19. Nh2 Qc8 20. Qh5 Bc6 21.
Rad1 Be5 22. Nxc6 bxc6 23. Bc5 Qc7 24. Ng4 Bd6 25. Bd4 f6 26. c4 dxc4 27. Ne3
Bb4 28. Rf1 f5 29. a3 Bd6 30. Nxc4 Be5 31. Nxe5 Nxe5 32. Rfe1 N5g6 33. f4 Rad8
34. Qe2 Nd5 35. Qxa6 Ndxf4 36. gxf4 Qxf4 37. Bf2 Ne5 38. Qe2 Rde8 39. Qe3 Qc4
40. Qd4 Qb5 41. Qc5 Qb3 42. Qc3 Qb8 43. Bd4 Ng6 44. Bxg7 Rf7 45. Bxh6 Rxe1+ 46.
Rxe1 1-0

[Event "><емпионат ЦФО РФ среди муж~~ин по класси"]
[Site "Московская область. Одинцовск"]
[Date "2018.03.12"]
[Round "3.10"]
[White "Гра~~ев, Андрей."]
[Black "Абдураимов, Эсмет."]
[Result "0-1"]
[WhiteElo "2274"]
[BlackElo "1862"]
[PlyCount "56"]
[EventDate "2018.??.??"]

1. e4 c5 2. Nf3 d6 3. d4 cxd4 4. Nxd4 Nf6 5. Nc3 g6 6. Be3 Bg7 7. f3 O-O 8. Qd2
Nc6 9. O-O-O d5 10. exd5 Nxd5 11. Nxc6 bxc6 12. Bd4 e5 13. Bc5 Be6 14. Ne4 Re8
15. g4 Rb8 16. g5 Bf5 17. h4 Bxe4 18. fxe4 Nf4 19. Qc3 Qc8 20. Bc4 Qg4 21. Rd2
Ne6 22. Bxa7 Qxe4 23. Rf1 Rb7 24. Be3 Nd4 25. h5 Nf5 26. Bc5 Qg4 27. hxg6 hxg6
28. Qf3 Qxc4 0-1

[Event "><емпионат ЦФО РФ среди муж~~ин по класси"]
[Site "Московская область. Одинцовск"]
[Date "2018.03.12"]
[Round "3.11"]
[White "Неклo^дов, Тарас."]
[Black "Вуль, Аркадий."]
[Result "0-1"]
[WhiteElo "1917"]
[BlackElo "2232"]
[PlyCount "60"]
[EventDate "2018.??.??"]

1. e4 e5 2. Nc3 Nf6 3. g3 d5 4. exd5 Nxd5 5. Bg2 Nxc3 6. bxc3 Bc5 7. Ne2 Nc6 8.
O-O O-O 9. a4 Be6 10. Ba3 Bxa3 11. Rxa3 Bd5 12. f3 Qd6 13. Ra1 Rad8 14. Qc1 b6
15. d3 Qc5+ 16. Kh1 Ne7 17. c4 Bc6 18. Qa3 Qxa3 19. Rxa3 Nf5 20. a5 g5 21. h3
h5 22. g4 Ne3 23. Rc1 hxg4 24. hxg4 f5 25. axb6 fxg4 26. d4 Nxc4 27. Rc3 gxf3
28. Rxc4 fxg2+ 29. Kg1 Bb5 30. bxc7 Rc8 0-1

[Event "><емпионат ЦФО РФ среди муж~~ин по класси"]
[Site "Московская область. Одинцовск"]
[Date "2018.03.12"]
[Round "3.12"]
[White "Шкуркин, Андрей."]
[Black "Фролов, Артём."]
[Result "1-0"]
[WhiteElo "2228"]
[BlackElo "1474"]
[PlyCount "61"]
[EventDate "2018.??.??"]

1. d4 d5 2. c4 c6 3. Nc3 e6 4. Nf3 dxc4 5. g3 Nf6 6. Bg2 b5 7. Ne5 Nd5 8. a4
Bb4 9. Qc2 Nxc3 10. bxc3 Qxd4 11. Bb2 Qxe5 12. cxb4 Qd6 13. Bxg7 Rg8 14. Bc3
Bb7 15. O-O Ke7 16. Rfd1 Qc7 17. Qe4 a6 18. Be5 Qc8 19. Bd6+ Ke8 20. Qh4 Qd8
21. Qxd8+ Kxd8 22. Bxb8+ Kc8 23. Be5 a5 24. axb5 cxb5 25. bxa5 Bxg2 26. Kxg2
Kb7 27. a6+ Rxa6 28. Rd7+ Kc6 29. Rd6+ Kc5 30. Raxa6 b4 31. Ra5# 1-0

[Event "><емпионат ЦФО РФ среди муж~~ин по класси"]
[Site "Московская область. Одинцовск"]
[Date "2018.03.12"]
[Round "3.13"]
[White "Новиков, Алексей."]
[Black "Попов, Олег."]
[Result "1-0"]
[WhiteElo "1869"]
[BlackElo "2127"]
[PlyCount "113"]
[EventDate "2018.??.??"]

1. e4 e6 2. d4 d5 3. Nd2 Nf6 4. e5 Nfd7 5. Bd3 c5 6. c3 Nc6 7. Ne2 cxd4 8. cxd4
f6 9. exf6 Nxf6 10. Nf3 Bd6 11. O-O Qc7 12. g3 O-O 13. Bf4 Nh5 14. Bxd6 Qxd6
15. Ng5 h6 16. Nh7 Rf3 17. Nc3 Rxd3 18. Qxd3 e5 19. dxe5 Nxe5 20. Qe2 Bg4 21.
f3 Bh3 22. Rfe1 Ng6 23. Rad1 Nxg3 24. Nf6+ gxf6 25. Qb5 Nf5 26. Nxd5 Qc6 27.
Qb3 Kh8 28. Rc1 Qd6 29. Qc3 Rf8 30. Rcd1 Qc6 31. Qxc6 bxc6 32. Nb4 Ne5 33. Kf2
Rg8 34. Rg1 Rb8 35. Nd3 Nxd3+ 36. Rxd3 Rxb2+ 37. Ke1 Rb1+ 38. Kf2 Rxg1 39. Kxg1
Ne7 40. Ra3 Nc8 41. Rb3 Be6 42. Rb7 c5 43. Rc7 c4 44. a4 Kg8 45. Kf2 Kf8 46.
Ke3 Ke8 47. Kd4 Kd8 48. Rb7 Ne7 49. f4 Nc6+ 50. Kc3 h5 51. Rh7 h4 52. Rxh4 Ke7
53. Rh7+ Kd6 54. h4 Kd5 55. h5 Ke4 56. Rc7 Nd8 57. h6 1-0

[Event "><емпионат ЦФО РФ среди муж~~ин по класси"]
[Site "Московская область. Одинцовск"]
[Date "2018.03.12"]
[Round "3.14"]
[White "Курбатов, Андрей."]
[Black "Айрапетян, Гор."]
[Result "0-1"]
[WhiteElo "2070"]
[BlackElo "2452"]
[PlyCount "86"]
[EventDate "2018.??.??"]

1. d4 Nf6 2. c4 e6 3. Nc3 Bb4 4. Bd2 O-O 5. Nf3 b6 6. e3 d5 7. Be2 Bb7 8. cxd5
exd5 9. O-O Nbd7 10. Qa4 Bd6 11. Ba6 Bxa6 12. Qxa6 c6 13. Rac1 Re8 14. Ne2 Qc8
15. Qxc8 Raxc8 16. Bc3 Ne4 17. Nd2 Ng5 18. Ng3 g6 19. Rfe1 Nf6 20. Ngf1 h5 21.
a3 Nd7 22. h4 Ne6 23. g3 Bf8 24. Nf3 Ng7 25. N1d2 Nf5 26. e4 dxe4 27. Nxe4 Nd6
28. Nxd6 Bxd6 29. Rxe8+ Rxe8 30. Bd2 Rc8 31. Bg5 f6 32. Be3 b5 33. a4 bxa4 34.
d5 c5 35. Nd4 Rb8 36. Nc6 Rxb2 37. Ra1 Nb6 38. Nxa7 Nxd5 39. Nc8 Be5 40. Rd1
Nxe3 41. Rd8+ Kf7 42. fxe3 a3 43. e4 a2 0-1

[Event "><емпионат ЦФО РФ среди муж~~ин по класси"]
[Site "Московская область. Одинцовск"]
[Date "2018.03.12"]
[Round "3.15"]
[White "Тер-Саакян, Григорий."]
[Black "Букатин, Арсений."]
[Result "0-1"]
[WhiteElo "2120"]
[BlackElo "1882"]
[PlyCount "106"]
[EventDate "2018.??.??"]

1. e4 e5 2. f4 d5 3. exd5 e4 4. d3 Nf6 5. Nc3 Bb4 6. Bd2 e3 7. Bxe3 Nxd5 8. Bd2
Bxc3 9. bxc3 O-O 10. c4 Re8+ 11. Be2 Nf6 12. Nf3 Nc6 13. O-O Qe7 14. Ne5 Nxe5
15. fxe5 Qxe5 16. Bf3 Ng4 17. g3 Qh5 18. h4 Qc5+ 19. Kg2 h5 20. Qb1 Bd7 21.
Qxb7 Rab8 22. Qd5 Re2+ 23. Bxe2 Bc6 24. Qxc6 Qxc6+ 25. Bf3 Qa4 26. Bd1 Rb2 27.
Rc1 Rxa2 28. Rf5 Ra1 29. Ra5 Qxa5 30. Bxa5 Rxc1 31. Bxg4 hxg4 32. c3 Rc2+ 33.
Kf1 c6 34. d4 Ra2 35. Bc7 Kf8 36. Ke1 Ke7 37. d5 Ra4 38. Be5 f6 39. Bd4 Rxc4
40. dxc6 Rxd4 41. cxd4 Kd6 42. d5 a5 43. h5 f5 44. Kd2 a4 45. Kc3 f4 46. gxf4
g3 47. h6 gxh6 48. f5 g2 49. f6 g1=Q 50. f7 Qg7+ 51. Kb4 Qxf7 52. Kxa4 Qxd5 53.
c7 Kxc7 0-1

[Event "><емпионат ЦФО РФ среди муж~~ин по класси"]
[Site "Московская область. Одинцовск"]
[Date "2018.03.12"]
[Round "3.16"]
[White "Ижокин, Игорь."]
[Black "Гараев, Заур."]
[Result "1-0"]
[WhiteElo "2030"]
[BlackElo "1864"]
[PlyCount "133"]
[EventDate "2018.??.??"]

1. e4 e5 2. Nf3 Nc6 3. Bb5 a6 4. Ba4 Nf6 5. O-O Be7 6. Re1 b5 7. Bb3 O-O 8. h3
Bb7 9. c3 d5 10. exd5 Nxd5 11. Nxe5 Nxe5 12. Rxe5 Qd6 13. d4 Bf6 14. Re1 Rfe8
15. a4 b4 16. Nd2 Nf4 17. Nc4 Rxe1+ 18. Qxe1 Qd5 19. f3 Nxg2 20. Qg3 Nh4 21.
Nd2 Qh5 22. Qg4 Nxf3+ 23. Nxf3 Bxf3 24. Qxh5 Bxh5 25. Bf4 c5 26. dxc5 bxc3 27.
bxc3 Rc8 28. Be3 Be7 29. Re1 g5 30. Bc4 a5 31. Ba6 Rc7 32. Bd4 f6 33. Kg2 Kf7
34. Bc4+ Kg7 35. c6 Bf7 36. Bb5 Bd5+ 37. Kf2 Bd6 38. Bb6 Rc8 39. Rd1 Bxc6 40.
Rxd6 Bxb5 41. axb5 Rxc3 42. Bxa5 Rxh3 43. Bd8 Rb3 44. Bxf6+ Kg6 45. b6 h5 46.
Bd8+ Kf5 47. Rd5+ Ke6 48. Rxg5 Kd7 49. Bc7 h4 50. Rh5 h3 51. Kg1 Kc6 52. Kh2
Kb7 53. Rxh3 Rb4 54. Ra3 Rb2+ 55. Kg3 Rb4 56. Kf3 Kc6 57. Ke3 Rh4 58. Kd2 Kb7
59. Rg3 Ra4 60. Rg7 Ra6 61. Bd8+ Kb8 62. Kc3 Ra4 63. Bf6 Ra5 64. Kb4 Rf5 65.
Bd4 Rd5 66. Bc5 Rd1 67. Kb5 1-0

[Event "><емпионат ЦФО РФ среди муж~~ин по класси"]
[Site "Московская область. Одинцовск"]
[Date "2018.03.12"]
[Round "3.17"]
[White "Мищеряков, Алексей."]
[Black "Шило, Кирилл."]
[Result "1-0"]
[WhiteElo "1906"]
[BlackElo "1739"]
[PlyCount "117"]
[EventDate "2018.??.??"]

1. c4 Nf6 2. d4 g6 3. Nc3 d5 4. Qb3 dxc4 5. Qxc4 Bg7 6. e4 c6 7. Nf3 O-O 8. Be2
Nbd7 9. e5 Nb6 10. exf6 Nxc4 11. fxg7 Kxg7 12. Bxc4 Bg4 13. Be3 Qa5 14. Ne5 Bf5
15. O-O Qb4 16. Bb3 f6 17. Nf3 a5 18. Nd2 e5 19. a3 Qe7 20. dxe5 fxe5 21. Rfe1
Rae8 22. Rad1 b5 23. Nce4 Qc7 24. Bc5 Rh8 25. Nd6 Rd8 26. Nf7 Rd7 27. Nxh8 Kxh8
28. Nf3 a4 29. Ba2 Kg7 30. Nxe5 Rxd1 31. Rxd1 g5 32. Nf3 h6 33. Nd4 Bc8 34. Be6
Kf6 35. Bxc8 Qxc8 36. Re1 h5 37. Re6+ Kf7 38. h3 g4 39. hxg4 hxg4 40. Rxc6 Qd7
41. Rd6 Qe7 42. Kf1 Qe4 43. Rd7+ Kg6 44. Rd6+ Kf7 45. f3 Qf4 46. Bb4 Qc1+ 47.
Kf2 Qxb2+ 48. Kg3 gxf3 49. gxf3 Qc1 50. Kg4 Qg1+ 51. Kf4 Qc1+ 52. Ke4 Qb1+ 53.
Ke5 Qc1 54. Rf6+ Ke8 55. Rc6 Qe3+ 56. Kd5 Qg5+ 57. Ke4 Kd7 58. Rc7+ Ke8 59.
Re7+ 1-0

[Event "><емпионат ЦФО РФ среди муж~~ин по класси"]
[Site "Московская область. Одинцовск"]
[Date "2018.03.12"]
[Round "3.18"]
[White "Горский, Александр."]
[Black "Каштанов, Елисей."]
[Result "1/2-1/2"]
[WhiteElo "1756"]
[BlackElo "1814"]
[PlyCount "102"]
[EventDate "2018.??.??"]

1. d4 Nf6 2. c4 g6 3. Nc3 Bg7 4. e4 d6 5. Nge2 Nbd7 6. Ng3 c5 7. d5 a6 8. a4
O-O 9. Be2 Rb8 10. O-O Qc7 11. Be3 e5 12. Qd2 Ne8 13. Bg5 f5 14. exf5 gxf5 15.
f4 e4 16. Nh5 Bd4+ 17. Kh1 Ndf6 18. Bh6 Rf7 19. Qe1 Kh8 20. Qh4 Qe7 21. Bg5 Bd7
22. g4 fxg4 23. f5 Qf8 24. Ng3 e3 25. Nd1 Ng7 26. Bxe3 Bxe3 27. Nxe3 Re8 28.
Nxg4 Nxg4 29. Bxg4 Nxf5 30. Nxf5 Bxf5 31. Bxf5 Rxf5 32. Qh3 Ree5 33. Rxf5 Rxf5
34. Rg1 Rf2 35. Qc3+ Qf6 36. Qxf6+ Rxf6 37. Rg3 Rf4 38. b3 Rf2 39. Kg1 Rb2 40.
h3 Re2 41. Kf1 Re5 42. Kf2 a5 43. Kf3 Re1 44. Kf4 Re5 45. Rg5 Rxg5 46. Kxg5 Kg7
47. h4 h6+ 48. Kh5 Kh7 49. Kg4 Kg6 50. Kf4 Kf6 51. Kg4 Kg6 1/2-1/2